Memories and recollections of Dr. Morinosuke Kajima : A dialogue

This book introduction about political of Japan, provides information politician, government Japan

Wedi'i Gadw mewn:
Manylion Llyfryddiaeth
Fformat: Llyfr
Iaith:Undetermined
Cyhoeddwyd: Japan The Japan Times 1967
Pynciau:
Tagiau: Ychwanegu Tag
Dim Tagiau, Byddwch y cyntaf i dagio'r cofnod hwn!
Thư viện lưu trữ: Trung tâm Học liệu Trường Đại học Cần Thơ
LEADER 00574nam a2200181Ia 4500
001 CTU_106894
008 210402s9999 xx 000 0 und d
082 |a 923.2 
082 |b M533 
245 0 |a Memories and recollections of Dr. Morinosuke Kajima : 
245 2 |b A dialogue 
260 |a Japan 
260 |b The Japan Times 
260 |c 1967 
520 |a This book introduction about political of Japan, provides information politician, government Japan 
650 |a Politician,Person 
904 |i M.Loan 
980 |a Trung tâm Học liệu Trường Đại học Cần Thơ